Statistics for Famous Musical Acts Fractured

Click here to take the quiz!

General Stats

  • This quiz has been taken 142 times
  • The average score is 8 of 11

Answer Stats

Fractured Artist NameAnswer% Correct
Juice tin be berJustin Bieber
98%
Wonder wrecked shunOne Direction
98%
Bee on sayBeyonce
95%
Add hellAdele
92%
Mad on herMadonna
87%
My rune fifeMaroon 5
84%
Care he utter wardCarrie Underwood
80%
Bill he pie perBillie Piper
61%
Ella math TheoLMFAO
44%
Paul hoe miff eighthPaloma Faith
30%
Peter ballPitbull
23%

Score Distribution

Percentile by Number Answered

Percent of People with Each Score

Your Score History

You have not taken this quiz